00382nam a2200157Ia 4500008004100000020001800041041000800059082001700067100001300084245002000097260003800117300000900155500002300164650001500187700002200202230125s9999 xx 000 0 und d a0-07-053317-2 aeng a658bULR/KER aUlrich D aThe GE work-out c2003bTata McGraw HillaNew Delhi a326p aGeneral Management aManagement aUlrich D & Kerr S